000 00201nam a2200109Ia 4500
100 _a#N/A
942 _cBK
654 _apc
245 _aMaintaining your PC
260 _b#N/A
_c2001
546 _aENGLISH
999 _c28416
_d28416